<?xml version="1.0" encoding="UTF-8"?><?xml-stylesheet type="text/xsl" href="static/style.xsl"?><OAI-PMH xmlns="http://www.openarchives.org/OAI/2.0/" xmlns:xsi="http://www.w3.org/2001/XMLSchema-instance" xsi:schemaLocation="http://www.openarchives.org/OAI/2.0/ http://www.openarchives.org/OAI/2.0/OAI-PMH.xsd"><responseDate>2026-04-27T21:44:04Z</responseDate><request verb="GetRecord" identifier="oai:uvadoc.uva.es:10324/39593" metadataPrefix="marc">https://uvadoc.uva.es/oai/request</request><GetRecord><record><header><identifier>oai:uvadoc.uva.es:10324/39593</identifier><datestamp>2021-06-23T09:46:19Z</datestamp><setSpec>com_10324_1129</setSpec><setSpec>com_10324_931</setSpec><setSpec>com_10324_894</setSpec><setSpec>col_10324_1193</setSpec></header><metadata><record xmlns="http://www.loc.gov/MARC21/slim" xmlns:doc="http://www.lyncode.com/xoai" xmlns:xsi="http://www.w3.org/2001/XMLSchema-instance" xmlns:dcterms="http://purl.org/dc/terms/" xsi:schemaLocation="http://www.loc.gov/MARC21/slim http://www.loc.gov/standards/marcxml/schema/MARC21slim.xsd">
<leader>00925njm 22002777a 4500</leader>
<datafield tag="042" ind1=" " ind2=" ">
<subfield code="a">dc</subfield>
</datafield>
<datafield tag="720" ind1=" " ind2=" ">
<subfield code="a">Núñez Jiménez, Manuel</subfield>
<subfield code="e">author</subfield>
</datafield>
<datafield tag="260" ind1=" " ind2=" ">
<subfield code="c">2005</subfield>
</datafield>
<datafield tag="520" ind1=" " ind2=" ">
<subfield code="a">The description of a plasma as composed by two types of fluids, formed by ions&#xd;
and electrons, is more complete than the classical one-fluid magnetohydrodynamics&#xd;
 MHD  model and it has proved necessary to explain the phenomena of fast magnetic&#xd;
reconnection. We prove a finite-time theorem of existence and uniqueness of&#xd;
solutions for this system for either Dirichlet or periodic boundary conditions in&#xd;
dimension three. It turns out that the regularity estimates for the magnetic field are&#xd;
finer than the MHD ones.</subfield>
</datafield>
<datafield tag="024" ind2=" " ind1="8">
<subfield code="a">Journal of Mathematical Physics 46, 083101  2005</subfield>
</datafield>
<datafield tag="024" ind2=" " ind1="8">
<subfield code="a">0022-2488</subfield>
</datafield>
<datafield tag="024" ind2=" " ind1="8">
<subfield code="a">http://uvadoc.uva.es/handle/10324/39593</subfield>
</datafield>
<datafield tag="024" ind2=" " ind1="8">
<subfield code="a">10.1063/1.1985009</subfield>
</datafield>
<datafield tag="024" ind2=" " ind1="8">
<subfield code="a">083101-1</subfield>
</datafield>
<datafield tag="024" ind2=" " ind1="8">
<subfield code="a">8</subfield>
</datafield>
<datafield tag="024" ind2=" " ind1="8">
<subfield code="a">083101-12</subfield>
</datafield>
<datafield tag="024" ind2=" " ind1="8">
<subfield code="a">Journal of Mathematical Physics</subfield>
</datafield>
<datafield tag="024" ind2=" " ind1="8">
<subfield code="a">46</subfield>
</datafield>
<datafield tag="024" ind2=" " ind1="8">
<subfield code="a">1089-7658</subfield>
</datafield>
<datafield tag="245" ind1="0" ind2="0">
<subfield code="a">Existence theorems for two-fluid magnetohydrodynamics</subfield>
</datafield>
</record></metadata></record></GetRecord></OAI-PMH>